| 000 | 00575amm a2200181 4500 | ||
|---|---|---|---|
| 007 | cr |||||||| | ||
| 008 | 001108s1999-2003 cat | ||
| 041 | _acat | ||
| 100 |
_aSantacana Torres, Carles _975442 |
||
| 245 |
_aEsportpèdiaCat: Enciclopèdia de l’esport català _h[en línia] _cCarles Santacana Torres (dir.). |
||
| 260 |
_aBarcelona _bGrup Enciclopèdia _c2012-2014 |
||
| 520 | _aaprox. 13.000 | ||
| 592 | _aObra terminològica | ||
| 593 | _aVA | ||
| 650 | 0 |
_aesports _960905 |
|
| 856 | _uhttps://www.enciclopedia.cat/esportpedia | ||
| 942 |
_cMO _n0 _2ddc |
||
| 999 |
_c68781 _d68781 |
||